[Event "ICS rated blitz match"]
[Site "204.178.125.65"]
[Date "2001.01.19"]
[Round "?"]
[White "PostModernist"]
[Black "Hossa"]
[Result "0-1"]
[WhiteElo "2547"]
[BlackElo "2535"]
[PlyCount "74"]
[EventDate "2001.??.??"]

1. d4 d5 2. Nf3 Nf6 3. e3 e6 4. Nbd2 c5 5. c3 Nc6 6. Bd3 Be7 7. O-O b6 8. Ne5
Nxe5 9. dxe5 Nd7 10. f4 c4 11. Bc2 Bb7 12. Qg4 g6 13. Nf3 h5 14. Qg3 h4 15. Qh3
Qc7 16. Bd2 O-O-O 17. Be1 Kb8 18. b4 g5 19. Nxg5 Nxe5 20. Bxh4 Nd3 21. Rfd1 e5
22. g3 Rdg8 23. a4 exf4 24. exf4 Bc8 25. Qf1 Nxf4 26. Qxf4 Qxf4 27. gxf4 Rxh4
28. Rd4 Bf6 29. Kh1 Bxd4 30. cxd4 Rxf4 31. Rg1 Bg4 32. h3 Rxg5 33. hxg4 Rfxg4
34. Rxg4 Rxg4 35. a5 Rxd4 36. axb6 axb6 37. Kg1 c3 {PostModernist resigns} 0-1

[Event "ICS rated blitz match"]
[Site "204.178.125.65"]
[Date "2001.01.19"]
[Round "?"]
[White "Hossa"]
[Black "PostModernist"]
[Result "1-0"]
[WhiteElo "2552"]
[BlackElo "2530"]
[PlyCount "101"]
[EventDate "2001.??.??"]

1. e4 e5 2. Nf3 Nc6 3. Bb5 a6 4. Ba4 d6 5. O-O Nge7 6. c3 Bd7 7. d4 Ng6 8. Bg5
Be7 9. Bxe7 Qxe7 10. d5 Nd8 11. Nbd2 O-O 12. Bxd7 Qxd7 13. Ng5 Nf4 14. Nc4 f6
15. Nf3 f5 16. Qc2 fxe4 17. Qxe4 Qg4 18. Nfd2 b5 19. Ne3 Nh3+ 20. Kh1 Qe2 21.
gxh3 Qxd2 22. f4 exf4 23. Rxf4 Rxf4 24. Qxf4 Qxb2 25. Rf1 h5 26. Nf5 Qe2 27.
Rg1 Qe5 28. Qf3 Kf8 29. Nxg7+ Ke7 30. Nxh5 Kd7 31. Nf6+ Kc8 32. a4 Rb8 33. h4
bxa4 34. Qg4+ Kb7 35. Qb4+ Ka7 36. Qxb8+ Kxb8 37. Nd7+ Kc8 38. Nxe5 dxe5 39. h5
Nf7 40. Rg7 Nd8 41. h6 a3 42. Rg2 Nf7 43. h7 Nh8 44. Ra2 Kb7 45. Rxa3 Kb6 46.
Ra1 e4 47. Rb1+ Kc5 48. Rb8 Nf7 49. Rf8 Nd6 50. h8=Q Kxd5 51. Ra8 {
PostModernist resigns} 1-0

[Event "ICS rated standard match"]
[Site "204.178.125.65"]
[Date "2001.01.19"]
[Round "?"]
[White "ChssMstrJk"]
[Black "Hossa"]
[Result "0-1"]
[WhiteElo "1903"]
[BlackElo "2333"]
[PlyCount "96"]
[EventDate "2001.??.??"]

1. e4 e5 2. Nf3 Nc6 3. Bb5 a6 4. Bxc6 dxc6 5. O-O f6 6. d4 exd4 7. Qxd4 Qxd4 8.
Nxd4 Bd7 9. Nc3 O-O-O 10. Be3 g5 11. Rad1 Bd6 12. Nb3 Be6 13. Nc5 Bc4 14. Rfe1
Nh6 15. h3 Be5 16. Rxd8+ Rxd8 17. Rd1 Rxd1+ 18. Nxd1 Be2 19. Nc3 Bxc3 20. bxc3
Bc4 21. a3 b6 22. Nb3 Nf7 23. Nd2 Be6 24. Nf3 c5 25. e5 g4 26. hxg4 fxe5 27. g5
Bf5 28. Ne1 Nd6 29. Nd3 Bxd3 30. cxd3 Nb5 31. c4 Nxa3 32. g3 e4 33. dxe4 Nxc4
34. Bc1 Kd7 35. f4 Nd6 36. e5 Nc4 37. g4 a5 38. Kf2 a4 39. Kg3 a3 40. Bxa3 Nxa3
41. f5 b5 42. g6 hxg6 43. fxg6 Ke6 44. Kf4 c4 45. Ke4 b4 46. g5 b3 47. g7 Kf7
48. g6+ Kxg7 {ChssMstrJk resigns} 0-1

[Event "ICS rated standard match"]
[Site "204.178.125.65"]
[Date "2001.01.19"]
[Round "?"]
[White "Hossa"]
[Black "patologo"]
[Result "1-0"]
[WhiteElo "2335"]
[BlackElo "2040"]
[PlyCount "95"]
[EventDate "2001.??.??"]

1. c4 e5 2. Nc3 Nf6 3. Nf3 Nc6 4. e3 Bb4 5. Qc2 O-O 6. Nd5 d6 7. Bd3 h6 8. a3
Ba5 9. b4 Bb6 10. Nxf6+ Qxf6 11. Be4 Rd8 12. c5 dxc5 13. bxc5 Ba5 14. Qa4 Bd7
15. Bxc6 Bxc6 16. Qxa5 Bxf3 17. gxf3 e4 18. Qc3 Qxf3 19. Rg1 f6 20. Qb3+ Kh8
21. Qxb7 Rac8 22. d4 a6 23. Qxa6 g5 24. Qe6 Ra8 25. Rb1 Ra7 26. Rg3 Qh1+ 27.
Ke2 Rf8 28. Qh3 Kg7 29. Qf1 Qxf1+ 30. Kxf1 Kf7 31. Ke2 Rd8 32. f3 exf3+ 33.
Rxf3 g4 34. Rf4 h5 35. Rf1 Ke6 36. Rb4 f5 37. Rb5 Rd5 38. Rb8 h4 39. Rh8 h3 40.
Kd3 Ra4 41. Rh6+ Ke7 42. Rh7+ Ke6 43. Rxc7 Kf6 44. Bb2 g3 45. hxg3 Ke6 46. Rc6+
Kd7 47. Rh6 h2 48. Rxh2 {patologo resigns} 1-0

[Event "ICS rated blitz match"]
[Site "204.178.125.65"]
[Date "2001.01.19"]
[Round "?"]
[White "QuarkX"]
[Black "Hossa"]
[Result "0-1"]
[WhiteElo "2458"]
[BlackElo "2568"]
[PlyCount "150"]
[EventDate "2001.??.??"]

1. Nf3 c5 2. e4 e6 3. c3 d5 4. e5 Nc6 5. d4 cxd4 6. cxd4 f6 7. Nc3 Bd7 8. Be3
fxe5 9. dxe5 Bb4 10. Bd3 Nge7 11. O-O Qb8 12. Qb3 O-O 13. Nb5 Nf5 14. Bxf5 Rxf5
15. Nbd4 Rf8 16. Nxc6 bxc6 17. Rab1 Be7 18. Qc3 Qb4 19. Qxb4 Bxb4 20. Rbc1 a6
21. Bg5 h6 22. Be3 Be7 23. Rc3 Rab8 24. b3 Rbc8 25. Rfc1 Ba3 26. R1c2 Bb4 27.
Rd3 Be8 28. Bc5 Bg6 29. Bxf8 Bxd3 30. Rxc6 Rxc6 31. Bxb4 Rc1+ 32. Ne1 Bb1 33.
a3 Ba2 34. Kf1 Bxb3 35. Ke2 Bc4+ 36. Ke3 Kf7 37. h4 Rd1 38. Nf3 Bf1 39. g3 Rd3+
40. Kf4 Kg6 41. g4 Be2 42. Ng1 Rd4+ 43. Ke3 Re4+ 44. Kd2 Bxg4 45. f3 Rd4+ 46.
Ke3 Rd1 47. fxg4 Rxg1 48. Kf3 h5 49. gxh5+ Kxh5 50. Bc5 Rc1 51. Be7 Rc7 52. Bd8
Rc3+ 53. Ke2 Rxa3 54. Bg5 Ra4 55. Kd3 Re4 56. Kc3 Rxe5 57. Kd4 Rxg5 58. hxg5
e5+ 59. Kxd5 e4 60. Kxe4 a5 61. g6 a4 62. Kd4 Kxg6 63. Kc3 Kf6 64. Kb4 g5 65.
Kxa4 g4 66. Kb4 g3 67. Kc4 g2 68. Kc3 Ke6 69. Kd3 g1=Q 70. Kc4 Qd1 71. Kb4 Kd5
72. Kc3 Kc5 73. Kb2 Kb4 74. Ka2 Kc3 75. Ka3 Qa1# {QuarkX checkmated} 0-1

[Event "ICS rated blitz match"]
[Site "204.178.125.65"]
[Date "2001.01.19"]
[Round "?"]
[White "Hossa"]
[Black "QuarkX"]
[Result "1-0"]
[WhiteElo "2579"]
[BlackElo "2447"]
[PlyCount "99"]
[EventDate "2001.??.??"]

1. e4 c5 2. c3 Qa5 3. f4 Nc6 4. Nf3 e6 5. Be2 Be7 6. O-O d5 7. d3 Bd7 8. exd5
exd5 9. Ne5 Nf6 10. Nxd7 Nxd7 11. Bf3 Nf6 12. Re1 Qb5 13. g4 c4 14. g5 Nd7 15.
Na3 Qb6+ 16. d4 Qa5 17. Qd2 Rc8 18. b4 cxb3 19. axb3 Nb6 20. b4 Qa4 21. Bd1 Qa6
22. b5 Qa5 23. Qe3 Rc7 24. bxc6 O-O 25. Nc2 Qb5 26. Rxa7 Nc4 27. Qd3 Qxc6 28.
Ne3 Nxe3 29. Bxe3 Qd7 30. f5 Rfc8 31. Ba4 Qd8 32. Bd2 Bxg5 33. Re8+ Qxe8 34.
Bxe8 Bxd2 35. Bxf7+ Kxf7 36. Qxd2 Rxc3 37. Rxb7+ Kf8 38. Qg5 R3c7 39. Rxc7 Rxc7
40. Qd8+ Kf7 41. Qxc7+ Kf8 42. Qd8+ Kf7 43. Qxd5+ Kf8 44. Qd8+ Kf7 45. Qd7+ Kf6
46. h4 g5 47. Qe6+ Kg7 48. Qe7+ Kg8 49. f6 h6 50. Qg7# {QuarkX checkmated} 1-0

[Event "ICS rated standard match"]
[Site "204.178.125.65"]
[Date "2001.01.19"]
[Round "?"]
[White "xLars"]
[Black "Hossa"]
[Result "1/2-1/2"]
[WhiteElo "2234"]
[BlackElo "2340"]
[PlyCount "444"]
[EventDate "2001.??.??"]

1. e4 e5 2. Nf3 Nc6 3. Bb5 a6 4. Ba4 Nf6 5. O-O Be7 6. Re1 b5 7. Bb3 d6 8. c3
O-O 9. h3 Na5 10. Bc2 c5 11. d4 Nd7 12. Nbd2 cxd4 13. cxd4 Nc6 14. Nb3 a5 15.
Be3 Nb6 16. dxe5 Nxe5 17. Nbd4 Bd7 18. b3 Rc8 19. Rc1 Na8 20. Qe2 Nc7 21. Bb1
Bf6 22. Red1 a4 23. bxa4 bxa4 24. Nxe5 Bxe5 25. Nc6 Bxc6 26. Rxc6 Qd7 27. Rdc1
Ne6 28. Qc4 Nc5 29. Rxc8 Rxc8 30. Bxc5 Rxc5 31. Qf1 Qb5 32. Rxc5 Qxc5 33. Qd1
Kf8 34. Qc2 Ke7 35. Qxc5 dxc5 36. a3 c4 37. Bc2 Kd6 38. Kf1 Bb2 39. Bxa4 Ke5
40. Bc2 Bxa3 41. Ke2 Bd6 42. Ke3 Bc5+ 43. Ke2 Kd4 44. f3 Kc3 45. Kd1 Bd6 46.
Bb1 Kb2 47. Bc2 Bg3 48. Ba4 c3 49. Bc2 Bf4 50. Bd3 g6 51. Bc2 g5 52. Bd3 h6 53.
Bc2 Be5 54. Bd3 f6 55. Bc2 Bd6 56. Bd3 Bh2 57. Bc2 h5 58. Bd3 Bc7 59. Bc2 Bg3
60. Bd3 Bf4 61. Bc2 Be5 62. Bd3 Bd6 63. Bc2 Bb8 64. Bd3 Ba7 65. Bc2 Bd4 66. Bd3
Bg1 67. Bc2 Be3 68. Bd3 h4 69. Bc2 Bf2 70. Bd3 Bd4 71. Bc2 Be5 72. Bd3 Bg3 73.
Bc2 Bf4 74. Bd3 Be5 75. Bc2 Bc7 76. Bd3 Bb6 77. Bc2 Bc5 78. Bd3 Bd6 79. Bc2 Bh2
80. Bd3 Bf4 81. Bc2 Be3 82. Bd3 Bg1 83. Bc2 Bd4 84. Bd3 Bc5 85. Bc2 Bb4 86. Bd3
Ba3 87. Bc2 Bd6 88. Bd3 Kb3 89. Bc2+ Kc4 90. Ke2 Be5 91. Ke3 Kb4 92. Kd3 Ka3
93. Ke2 Bf4 94. Bd3 Bb8 95. Kd1 Kb2 96. Bc2 Bg3 97. Bd3 Kb3 98. Bc2+ Ka3 99.
Bd3 Be5 100. Kc2 Kb4 101. Kd1 Kb3 102. Bc2+ Kc4 103. Ke2 Bf4 104. Bd3+ Kb3 105.
Kd1 Be3 106. Bc2+ Kc4 107. Ke2 Bd4 108. Bd3+ Kb3 109. Kd1 Bf2 110. Bc2+ Kc4
111. Ke2 Bg1 112. Bd3+ Kb3 113. Kd1 Bh2 114. Bc2+ Kc4 115. Ke2 Bg3 116. Bd3+
Kb3 117. Kd1 Kb4 118. Kc2 Bh2 119. Be2 g4 120. fxg4 Bg3 121. Bf3 Kc4 122. Be2+
Kd4 123. Bf3 Be5 124. Be2 Kxe4 125. Bf3+ Kd4 126. Ba8 Bg3 127. Bf3 Bf4 128. Ba8
Bd2 129. Bf3 Be3 130. Ba8 Bf4 131. Bb7 Bd6 132. Ba8 Bc7 133. Bb7 Ba5 134. Ba8
Bb4 135. Bb7 Ba3 136. Ba8 Bb2 137. Bb7 Ke3 138. Ba8 Ke2 139. Bb7 Kf2 140. Ba8
Ke3 141. Bb7 Ba1 142. Ba8 Kd4 143. Bb7 Ke5 144. Ba8 Kd6 145. Bb7 Bb2 146. Bf3
Kc5 147. Be4 Kc4 148. Bf3 Ba3 149. Be4 Bd6 150. Bf3 Bf4 151. Be4 Bg3 152. Bf3
Kd4 153. Ba8 Bb8 154. Bb7 Bc7 155. Ba8 Bd6 156. Bb7 Bb8 157. Ba8 Be5 158. Bb7
Ke3 159. Ba8 Ke2 160. Bb7 Bd4 161. Ba8 Kf1 162. Bf3 Ke1 163. Be4 Be5 164. Bf3
Kf2 165. Be4 Kg1 166. Ba8 Bd4 167. Bb7 Kf2 168. Bc6 Ke3 169. Bd5 Kf4 170. Ba8
Kg5 171. Bb7 f5 172. gxf5 Kxf5 173. Ba8 Kf4 174. Bb7 Bf6 175. Ba8 Kg3 176. Bb7
Bd4 177. Ba8 Be5 178. Bb7 Bg7 179. Ba8 Bh8 180. Bb7 Kf4 181. Bc6 Ke3 182. Ba8
Be5 183. Bb7 Kf4 184. Ba8 Bf6 185. Bb7 Ke3 186. Bc6 Bg7 187. Bb7 Kf4 188. Ba8
Kf5 189. Bb7 Ke6 190. Ba8 Bd4 191. Bf3 Kd6 192. Ba8 Bg7 193. Bf3 Be5 194. Ba8
Kc5 195. Bf3 Kd4 196. Bg4 Ke3 197. Bf3 Bd4 198. Ba8 Ke2 199. Bb7 Ke1 200. Ba8
Kf2 201. Bb7 Kf1 202. Ba8 Be5 203. Bb7 Kg1 204. Ba8 Bf6 205. Bb7 Kh2 206. Ba8
Bd4 207. Bb7 Be5 208. Ba8 Bg7 209. Bb7 Kg1 210. Ba8 Kf2 211. Bb7 Bf6 212. Ba8
Bh8 213. Bb7 Ke2 214. Ba8 Be5 215. Bb7 Ke1 216. Ba8 Bd4 217. Bb7 Bg7 218. Ba8
Kf1 219. Bb7 Be5 220. Ba8 Kg1 221. Bb7 Bf6 222. Ba8 Kh2 {
Game drawn by the 50 move rule} 1/2-1/2

[Event "ICS rated standard match"]
[Site "204.178.125.65"]
[Date "2001.01.19"]
[Round "?"]
[White "Hossa"]
[Black "BrazilianMaster"]
[Result "0-1"]
[WhiteElo "2335"]
[BlackElo "2622"]
[PlyCount "132"]
[EventDate "2001.??.??"]

1. e4 d5 2. exd5 Nf6 3. Nf3 Nxd5 4. d4 g6 5. c4 Nb6 6. c5 Nd5 7. Bc4 Bg7 8. Nc3
c6 9. Qb3 O-O 10. Nxd5 cxd5 11. Bxd5 Nc6 12. Bd2 Nxd4 13. Nxd4 Bxd4 14. O-O e6
15. Bxb7 Bxb7 16. Qxb7 Rb8 17. Qxa7 Rxb2 18. Rad1 Bxc5 19. Qxc5 Rxd2 20. Qc1
Rxd1 21. Rxd1 Qa5 22. Qb2 Qa7 23. h3 h5 24. g3 Ra8 25. Kg2 h4 26. gxh4 Kh7 27.
Ra1 Qc7 28. a3 Ra4 29. h5 gxh5 30. Rg1 Rc4 31. Qe2 Kh6 32. Qf3 Qf4 33. Qa8 Qe4+
34. Qxe4 Rxe4 35. Rc1 Ra4 36. Rc3 Kg5 37. Rg3+ Kf6 38. Kf1 e5 39. Ke2 Ke6 40.
Rf3 f5 41. Kd2 e4 42. Rc3 f4 43. Kc2 Ra5 44. Kd2 h4 45. Kc2 Rg5 46. Rc6+ Kd5
47. Rf6 Ke5 48. Rh6 Rg2 49. Kc3 Rxf2 50. Rh5+ Kf6 51. Rxh4 e3 52. Rh8 e2 53.
Kd2 f3 54. Rf8+ Kg5 55. h4+ Kg4 56. Re8 Kg3 57. h5 Rh2 58. h6 Kf2 59. Kd3 e1=Q
60. Rf8 Rh5 61. Rc8 Rd5+ 62. Kc2 Qe2+ 63. Kb3 Qd3+ 64. Ka2 Rb5 65. a4 Qb3+ 66.
Ka1 Qxa4# {Hossa checkmated} 0-1

[Event "ICS rated standard match"]
[Site "204.178.125.65"]
[Date "2001.01.19"]
[Round "?"]
[White "BrazilianMaster"]
[Black "Hossa"]
[Result "1-0"]
[WhiteElo "2627"]
[BlackElo "2330"]
[PlyCount "111"]
[EventDate "2001.??.??"]

1. Nf3 c5 2. e4 e6 3. b3 d5 4. exd5 exd5 5. Bb5+ Bd7 6. Qe2+ Qe7 7. Nc3 Qxe2+
8. Bxe2 Nf6 9. Nb5 Na6 10. Bb2 Be7 11. Ne5 Be6 12. d4 O-O 13. dxc5 Nb4 14. O-O
Nxc2 15. Rac1 Nb4 16. a3 Nc6 17. Bd3 Na5 18. Nd4 Bd7 19. Rfe1 Bd8 20. b4 Nc6
21. Nxd7 Nxd7 22. Nf5 Bg5 23. Rcd1 g6 24. h4 Bf6 25. Bxf6 Nxf6 26. Nd6 Rab8 27.
b5 Nd4 28. Re7 b6 29. c6 Rbd8 30. Nb7 Rde8 31. Rxe8 Rxe8 32. Nd6 Re7 33. Bxg6
Ne2+ 34. Kf1 fxg6 35. Re1 Ne8 36. Nxe8 Rxe8 37. Rxe2 Kf7 38. Rxe8 Kxe8 39. g4
d4 40. f4 d3 41. f5 g5 42. hxg5 Kd8 43. f6 Ke8 44. Ke1 Kd8 45. c7+ Kxc7 46. f7
Kd6 47. f8=Q+ Kd5 48. Qf5+ Kc4 49. Qxh7 Kc3 50. g6 a5 51. g7 d2+ 52. Kd1 a4 53.
g8=Q Kd4 54. Qd8+ Ke3 55. Qdd3+ Kf4 56. Qhf5# {Hossa checkmated} 1-0

[Event "ICS rated blitz match"]
[Site "204.178.125.65"]
[Date "2001.01.19"]
[Round "?"]
[White "RETARD"]
[Black "Hossa"]
[Result "0-1"]
[WhiteElo "1967"]
[BlackElo "2589"]
[PlyCount "22"]
[EventDate "2001.??.??"]

1. e4 e5 2. Nf3 Nc6 3. d4 exd4 4. Nxd4 Bc5 5. Nxc6 Qf6 6. Qd2 dxc6 7. Nc3 Be6
8. Na4 Bd6 9. Bd3 O-O-O 10. O-O Qe5 11. Qg5 Qxh2# {RETARD checkmated} 0-1

[Event "ICS rated blitz match"]
[Site "204.178.125.65"]
[Date "2001.01.19"]
[Round "?"]
[White "Hossa"]
[Black "monsoon"]
[Result "1/2-1/2"]
[WhiteElo "2590"]
[BlackElo "2484"]
[PlyCount "96"]
[EventDate "2001.??.??"]

1. Nf3 Nf6 2. c4 e6 3. d4 Bb4+ 4. Bd2 Qe7 5. g3 O-O 6. Bg2 d5 7. O-O dxc4 8.
Ne5 Rd8 9. e3 Nbd7 10. Nxc4 Bxd2 11. Nbxd2 e5 12. Re1 Re8 13. Rc1 Qe6 14. f4 e4
15. Qc2 c6 16. Rcd1 Nf8 17. Rb1 Qd5 18. Nb3 Bg4 19. Ne5 Bf5 20. Nc5 Re7 21. Bf1
Ne6 22. Bc4 Qd6 23. Qb3 Nd8 24. Rbc1 b6 25. Na6 Ng4 26. Rf1 Nxe5 27. fxe5 Qg6
28. Rf2 Bg4 29. Qc2 Bf3 30. Be2 Bxe2 31. Qxe2 Ne6 32. Nb4 c5 33. Nc6 Rd7 34. d5
Ng5 35. e6 fxe6 36. Ne5 Qe8 37. Nxd7 Nh3+ 38. Kg2 Nxf2 39. Nxc5 bxc5 40. Qxf2
exd5 41. Rxc5 Qe5 42. Ra5 Qh5 43. Qd2 Qf3+ 44. Kh3 Qf1+ 45. Kg4 Qf3+ 46. Kh3
Qf1+ 47. Kg4 Qf3+ 48. Kh3 Qf1+ {Game drawn by repetition} 1/2-1/2

[Event "ICS rated blitz match"]
[Site "204.178.125.65"]
[Date "2001.01.19"]
[Round "?"]
[White "QuarkX"]
[Black "Hossa"]
[Result "0-1"]
[WhiteElo "2450"]
[BlackElo "2585"]
[PlyCount "122"]
[EventDate "2001.??.??"]

1. d4 d5 2. c4 c6 3. Nc3 e6 4. e3 Nf6 5. Bd2 Be7 6. Nf3 O-O 7. Bd3 Na6 8. Qb3
Nb4 9. Be2 dxc4 10. Bxc4 b5 11. Be2 a5 12. a4 bxa4 13. Qxa4 Bb7 14. O-O c5 15.
Qb5 Qc7 16. Qc4 Rfc8 17. b3 Ne4 18. Nxe4 Ba6 19. Qc3 Bxe2 20. Rfc1 Nd3 21. Rc2
Qb7 22. Nxc5 Nxc5 23. dxc5 Bxf3 24. gxf3 Bf6 25. c6 Qb8 26. c7 Qb7 27. Qc6 Qxc6
28. Rxc6 Bxa1 29. Rc5 Bf6 30. Kg2 Be7 31. Rxa5 Rxa5 32. Bxa5 Bd6 33. Bb6 Bxc7
34. Bc5 Bxh2 35. b4 Be5 36. Kh1 Rb8 37. Kg2 Bc3 38. Bd6 Rb7 39. Kg3 Bxb4 40.
Bxb4 Rxb4 41. f4 Rb1 42. Kg4 f6 43. f5 Rb4+ 44. f4 exf5+ 45. Kf3 g5 46. fxg5
fxg5 47. Ke2 Rb2+ 48. Kd3 g4 49. Kd4 g3 50. Ke5 g2 51. Kxf5 Re2 52. Ke4 g1=Q
53. Kd3 Qd1+ 54. Ke4 Rxe3+ 55. Kxe3 Kf7 56. Kf4 Ke6 57. Kg3 Kf5 58. Kf2 Kf4 59.
Kg2 Qe1 60. Kh2 Kf3 61. Kh3 Qh1# {QuarkX checkmated} 0-1

[Event "ICS rated blitz match"]
[Site "204.178.125.65"]
[Date "2001.01.19"]
[Round "?"]
[White "Hossa"]
[Black "ChesterX"]
[Result "0-1"]
[WhiteElo "2595"]
[BlackElo "2508"]
[PlyCount "112"]
[EventDate "2001.??.??"]

1. Nf3 Nf6 2. c4 e6 3. d4 b6 4. g3 Ba6 5. b3 Bb4+ 6. Bd2 Be7 7. Bg2 c6 8. O-O
d5 9. Qc2 Nbd7 10. Bf4 O-O 11. Ng5 h6 12. Nf3 c5 13. Qb2 cxd4 14. Nxd4 Rc8 15.
cxd5 Nxd5 16. Bxd5 exd5 17. Rd1 Bf6 18. Nc3 Nc5 19. Rac1 Ne6 20. Be3 Qd6 21.
Qd2 Qd7 22. a3 Rfd8 23. Nxe6 fxe6 24. Ne4 Be5 25. Rxc8 Rxc8 26. f4 Qb5 27. fxe5
dxe4 28. b4 Rf8 29. Bxh6 gxh6 30. Qxh6 Qxe5 31. Qg6+ Qg7 32. Qxe4 Bc8 33. a4 e5
34. Qd3 Qf7 35. Qe3 Bh3 36. Qg5+ Qg7 37. Qxg7+ Kxg7 38. Rc1 e4 39. e3 Rf3 40.
Re1 a5 41. b5 Kf6 42. Rc1 Rxe3 43. Rc6+ Ke5 44. Rh6 Be6 45. Rh8 Ra3 46. Rb8 e3
47. Kf1 Bc4+ 48. Kg2 Bd5+ 49. Kf1 Bf3 50. Re8+ Kd4 51. Rd8+ Kc3 52. Rd1 e2+ 53.
Kf2 exd1=Q 54. g4 Kd4 55. h3 Bh1 56. g5 Rf3# {Hossa checkmated} 0-1

[Event "ICS rated blitz match"]
[Site "204.178.125.65"]
[Date "2001.01.19"]
[Round "?"]
[White "Hossa"]
[Black "varon1968"]
[Result "1-0"]
[WhiteElo "2575"]
[BlackElo "2273"]
[PlyCount "61"]
[EventDate "2001.??.??"]

1. e4 d6 2. d4 Nf6 3. Nc3 g6 4. f4 Bg7 5. Nf3 O-O 6. Bd3 Na6 7. e5 Ne8 8. Bxa6
bxa6 9. d5 Rb8 10. O-O Bg4 11. Qd4 a5 12. Qxa7 Bxf3 13. Rxf3 dxe5 14. Qxa5 Nd6
15. fxe5 Nc4 16. Qa4 Nxe5 17. Rh3 Qd6 18. Qh4 h5 19. a4 Qc5+ 20. Be3 Qd6 21.
Nb5 Qxd5 22. Qxe7 Ng4 23. Nxc7 Qc4 24. b3 Qxc2 25. Rc1 Qe2 26. Nd5 Rbe8 27. Qc5
Re5 28. Rf3 Rfe8 29. Bd4 Rxd5 30. Qxd5 Bh6 31. Qxf7# {varon1968 checkmated} 1-0

[Event "ICS rated blitz match"]
[Site "204.178.125.65"]
[Date "2001.01.19"]
[Round "?"]
[White "ChesterX"]
[Black "Hossa"]
[Result "1-0"]
[WhiteElo "2546"]
[BlackElo "2580"]
[PlyCount "151"]
[EventDate "2001.??.??"]

1. Nf3 Nf6 2. g3 d5 3. Bg2 c5 4. O-O Nc6 5. d3 e5 6. Na3 Be7 7. e4 dxe4 8. dxe4
O-O 9. Qe1 Bg4 10. Bg5 Nd4 11. Nxe5 Be2 12. c3 Bxf1 13. Qxf1 Ne6 14. Rd1 Qb6
15. Bxf6 Bxf6 16. Nd7 Qxb2 17. Nc4 Qxc3 18. e5 Be7 19. Nxf8 Rxf8 20. Bxb7 Nd4
21. Be4 Rd8 22. Ne3 Qb2 23. Nd5 Bf8 24. Qc4 Re8 25. f4 Rd8 26. Qa6 Qe2 27. Qxe2
Nxe2+ 28. Kf2 Nd4 29. Rb1 a5 30. Rb7 h5 31. Ke3 Rc8 32. Ra7 Nc6 33. Ra6 h4 34.
gxh4 Nd8 35. Rxa5 c4 36. Rb5 Bc5+ 37. Kf3 Ne6 38. Kg4 Bf8 39. Nc3 Bc5 40. Bb7
Re8 41. f5 Nd8 42. Rxc5 Nxb7 43. Rb5 Nd8 44. Rb8 Kf8 45. Ne4 c3 46. Nxc3 Nc6
47. Rxe8+ Kxe8 48. Kf4 Nb4 49. Ke4 Na6 50. Nd5 Nc5+ 51. Kd4 Nb7 52. h5 Kf8 53.
e6 fxe6 54. fxe6 Ke8 55. a4 Na5 56. Kc5 Kf8 57. Kb5 Nb3 58. Kc6 Nd4+ 59. Kd7
Nxe6 60. Kxe6 Ke8 61. h6 gxh6 62. Kf6 Kd7 63. Kg6 h5 64. Kxh5 Kc6 65. Nf6 Kc5
66. h4 Kd6 67. Kg5 Kc7 68. h5 Kc6 69. h6 Kb6 70. h7 Kc5 71. h8=Q Kb6 72. Qc8
Ka7 73. Kf5 Kb6 74. Nd5+ Ka7 75. Qc7+ Ka6 76. Nb4# {Hossa checkmated} 1-0

[Event "ICS rated blitz match"]
[Site "204.178.125.65"]
[Date "2001.01.19"]
[Round "?"]
[White "SupermanFN"]
[Black "Hossa"]
[Result "0-1"]
[WhiteElo "1983"]
[BlackElo "2562"]
[PlyCount "56"]
[EventDate "2001.??.??"]

1. f4 Nf6 2. Nf3 g6 3. e3 Bg7 4. d4 O-O 5. Bd3 d5 6. O-O Bg4 7. c3 Ne4 8. Nbd2
Nd6 9. h3 Bf5 10. Bxf5 Nxf5 11. Qe1 Nd7 12. g4 Nd6 13. e4 dxe4 14. Nxe4 Nf6 15.
Nxf6+ exf6 16. Qh4 Re8 17. Bd2 Ne4 18. Be1 Qd7 19. Bg3 Qb5 20. b3 Nxc3 21. Rae1
Nxa2 22. f5 g5 23. Qh5 Rxe1 24. Rxe1 Qxb3 25. Kg2 Qc2+ 26. Bf2 Nb4 27. Re7 Rf8
28. Nxg5 fxg5 {SupermanFN resigns} 0-1

[Event "ICS rated blitz match"]
[Site "204.178.125.65"]
[Date "2001.01.19"]
[Round "?"]
[White "Hossa"]
[Black "monsoon"]
[Result "1-0"]
[WhiteElo "2563"]
[BlackElo "2493"]
[PlyCount "153"]
[EventDate "2001.??.??"]

1. e4 e5 2. Nf3 Nc6 3. Bb5 Bc5 4. d3 Nge7 5. c3 a6 6. Ba4 d6 7. d4 exd4 8. cxd4
Bb4+ 9. Bd2 Bxd2+ 10. Nbxd2 d5 11. exd5 Qxd5 12. O-O Bf5 13. Bxc6+ Nxc6 14.
Re1+ Be6 15. Nf1 O-O 16. Ne3 Qb5 17. a4 Qa5 18. d5 Rad8 19. Qb3 Bxd5 20. Nxd5
Qxd5 21. Qxb7 Rb8 22. Qxc7 Rfc8 23. Rad1 Qa2 24. Qd7 Qxb2 25. Rc1 Qf6 26. Ne5
Na7 27. Ng4 Qe6 28. Qxa7 Qxg4 29. Qxa6 Rxc1 30. Rxc1 Rd8 31. h3 Rd1+ 32. Rxd1
Qxd1+ 33. Kh2 Qd8 34. Qe2 Qc7+ 35. g3 h6 36. Qe8+ Kh7 37. Qe4+ g6 38. Qe8 Qa7
39. Kg1 f5 40. Kf1 Qb7 41. h4 Qd5 42. Ke1 Kg7 43. Qe7+ Kh8 44. Qe3 Kg7 45. Qa7+
Kh8 46. a5 Qe4+ 47. Kd2 Qd5+ 48. Kc3 Qc6+ 49. Kb4 Qe4+ 50. Kc5 Qe5+ 51. Kc6
Qe6+ 52. Kb5 Qe8+ 53. Ka6 Qe2+ 54. Kb7 Qe4+ 55. Kc8 Qe8+ 56. Kc7 Qe5+ 57. Kd8
Qd5+ 58. Ke7 Qe5+ 59. Kf8 Qf6+ 60. Ke8 Kg8 61. Qb6 Qf7+ 62. Kd8 Qd5+ 63. Kc8
Qa8+ 64. Kc7 Kh7 65. a6 Qd5 66. Qb7 Qc4+ 67. Kb8+ Kh8 68. a7 Qg8+ 69. Qc8 g5
70. a8=Q Qxc8+ 71. Kxc8 gxh4 72. gxh4 Kg7 73. Kd7 f4 74. Ke6 Kh7 75. Qa7+ Kh8
76. Kf6 h5 77. Qg7# {monsoon checkmated} 1-0

[Event "ICS rated blitz match"]
[Site "204.178.125.65"]
[Date "2001.01.19"]
[Round "?"]
[White "monsoon"]
[Black "Hossa"]
[Result "0-1"]
[WhiteElo "2480"]
[BlackElo "2576"]
[PlyCount "74"]
[EventDate "2001.??.??"]

1. d4 d5 2. c4 c6 3. Nf3 Nf6 4. e3 e6 5. Nbd2 Bb4 6. a3 Bd6 7. Bd3 Nbd7 8. e4
dxe4 9. Nxe4 Nxe4 10. Bxe4 Nf6 11. Bg5 h6 12. Bxf6 Qxf6 13. O-O O-O 14. Qd3 g6
15. c5 Bf4 16. Qc3 Rd8 17. g3 Bc7 18. Ne5 Qg5 19. Bg2 Bxe5 20. dxe5 Qd2 21.
Qxd2 Rxd2 22. b4 a5 23. Rfd1 Re2 24. bxa5 Rxe5 25. Rd8+ Kg7 26. Rc1 Re2 27. a6
Rb2 28. a4 h5 29. Re8 g5 30. Rd1 e5 31. Rdd8 Rb1+ 32. Bf1 Bh3 33. Rg8+ Kf6 34.
Rd6+ Ke7 35. Rd1 Rxd1 36. Re8+ Rxe8 37. axb7 Rxf1# {monsoon checkmated} 0-1

[Event "ICS rated blitz match"]
[Site "204.178.125.65"]
[Date "2001.01.19"]
[Round "?"]
[White "Hossa"]
[Black "monsoon"]
[Result "0-1"]
[WhiteElo "2588"]
[BlackElo "2468"]
[PlyCount "128"]
[EventDate "2001.??.??"]

1. e4 c5 2. c3 e6 3. d4 d5 4. e5 Nc6 5. Nf3 Qb6 6. Be2 cxd4 7. cxd4 Nge7 8. Na3
Nf5 9. Nc2 Bb4+ 10. Kf1 Be7 11. Kg1 Bd7 12. Rb1 O-O 13. h4 Nb4 14. Nxb4 Bxb4
15. Bf4 Bb5 16. Bxb5 Qxb5 17. Qb3 Qb6 18. a3 Bc5 19. Qxb6 Bxb6 20. Rd1 Rac8 21.
g4 Ne7 22. Kg2 Rc2 23. Rd2 Rfc8 24. h5 R8c4 25. b3 Rxd2 26. bxc4 Ra2 27. c5 Bd8
28. Rb1 b6 29. cxb6 Bxb6 30. Bg5 Kf8 31. Bc1 Rc2 32. Bb2 f6 33. exf6 gxf6 34.
g5 Kg7 35. Ne1 Rc4 36. Nf3 Nc6 37. gxf6+ Kxf6 38. Rd1 Rc2 39. Rb1 Kf5 40. Ba1
Na5 41. Rb2 Rc1 42. Ra2 Nb3 43. Bb2 Rc2 44. Ne1 Re2 45. Kf1 Nxd4 46. a4 Rd2 47.
a5 Bd8 48. Ng2 Nc6 49. Ne3+ Ke4 50. Kg2 Bh4 51. Ra4+ d4 52. Nc4 Rxf2+ 53. Kh3
Be7 54. h6 Bf8 55. Kg3 Rc2 56. Ba1 e5 57. a6 Nb4 58. Na5 Bxh6 59. Kg4 Bf4 60.
Ra3 d3 61. Rxd3 h5+ 62. Kxh5 Kf5 63. Rh3 Rc7 64. Bxe5 Rh7# {Hossa checkmated}
0-1